Central Library OPAC University of Rajshahi

Waves and oscillations / (Record no. 72721)

MARC details
000 -LEADER
fixed length control field 00775nam a2200253 a 4500
001 - CONTROL NUMBER
control field 72721
003 - CONTROL NUMBER IDENTIFIER
rucl marc code BD-RjUL
005 - DATE AND TIME OF LATEST TRANSACTION
control field 20211209082313.0
008 - FIXED-LENGTH DATA ELEMENTS--GENERAL INFORMATION
fixed length control field 140120r19821982ii a b 001 0 eng d
035 ## - SYSTEM CONTROL NUMBER
System control number (BD-RjUL)72939
040 ## - CATALOGING SOURCE
Original cataloging agency DLC
Transcribing agency DLC
Modifying agency YDX
-- YDXCP
-- UKM
-- CDX
-- BWX
-- UV0
-- BD-RjUL
Language of cataloging eng
041 ## - LANGUAGE CODE
Language code of text/sound track or separate title eng
082 00 - DEWEY DECIMAL CLASSIFICATION NUMBER
Edition number 23
Classification number 530.124
Author mark and year SUW 1982
100 1# - MAIN ENTRY--PERSONAL NAME
Personal name Subrahmanyam,N
9 (RLIN) 28438
245 10 - TITLE STATEMENT
Title Waves and oscillations /
Statement of responsibility, etc. Subrahmanyam,N
250 ## - EDITION STATEMENT
Edition statement 2nd ed.
260 ## - PUBLICATION, DISTRIBUTION, ETC. (IMPRINT)
Place of publication, distribution, etc. New Delhi :
Name of publisher, distributor, etc. Vikash Publishing ,
Date of publication, distribution, etc. 1974 [reprinted 1982]
300 ## - PHYSICAL DESCRIPTION
Pagination xiv, 349 p. :
Illustrations ill. ;
Size 26 cm.
504 ## - BIBLIOGRAPHY, ETC. NOTE
Bibliography, etc Includes bibliographical references and index.
650 #0 - SUBJECT ADDED ENTRY--TOPICAL TERM
Topical term or geographic name as entry element Wave equation.
9 (RLIN) 28439
Topical term or geographic name as entry element Mathematical physics.
9 (RLIN) 1138
700 1# - ADDED ENTRY--PERSONAL NAME
Personal name Lal,Brij
942 ## - ADDED ENTRY ELEMENTS (KOHA)
Source of classification or shelving scheme Dewey Decimal Classification
Koha item type Books
Holdings
Lost status Source of classification or shelving scheme Damaged status Not for loan Collection code Permanent Location Current Location Shelving location Date acquired Source of acquisition Cost, normal purchase price Total Checkouts Full call number Date last seen Copy number Koha item type
  Dewey Decimal Classification   Not For Loan Non-fiction Central Library, University of Rajshahi Central Library, University of Rajshahi Reading Room 26/07/1982 Heffors 75.00   530.124 SUW 1982 22/05/2017 C-1 Books